Statistics for Countries By Continent Map Quiz #2

Click here to take the quiz!

General Stats

  • This quiz has been taken 34 times
    (27 since last reset)
  • The average score is 13 of 14

Answers on the Map

Answers color-coded by a green-red scale on the quiz's map according to % correct below.
 

Answer Stats

Answer% Correct
Brazil
100%
Chile
100%
Argentina
96%
Bolivia
96%
Colombia
96%
Venezuela
96%
Paraguay
96%
Peru
96%
Uruguay
96%
Ecuador
89%
French Guiana
85%
Guyana
85%
Suriname
85%
Falkland Islands
70%

Score Distribution

Percentile by Number Answered

Percent of People with Each Score

Your Score History

You have not taken this quiz since the last reset